Statistics for NHL Canada 1998 Olympic Hockey Team

Click here to take the quiz!

General Stats

  • This quiz has been taken 210 times
  • The average score is 14 of 25

Answer Stats

Position + Jersey NumberAnswer% Correct
F #99 (A)Wayne Gretzky
98%
F #19 (A)Steve Yzerman
88%
G #33Patrick Roy
87%
F #88 (C)Eric Lindros
86%
F #91Joe Sakic
86%
G #30Martin Brodeur
85%
D #77Ray Bourque
79%
D #24Chris Pronger
72%
F #14Brendan Shanahan
67%
D #44Rob Blake
65%
D #4 (A)Scott Stevens
62%
D #2Al MacInnis
61%
D #52Adam Foote
60%
G #31Curtis Joseph
57%
F #74Theoren Fleury
57%
F #25Joe Nieuwendyk
45%
F #16Trevor Linden
32%
Head CoachMarc Crawford
30%
F #17Rod Brind'Amour
28%
F #7Rob Zamuner
27%
D #37Eric Desjardins
26%
F #55Keith Primeau
20%
General ManagerBobby Clarke
14%
F #27Shayne Corson
14%
F #8Mark Recchi
7%

Score Distribution

Percentile by Number Answered

Percent of People with Each Score

Your Score History

You have not taken this quiz